| 000 | 01600nam a2200373Ia 4500 | ||
|---|---|---|---|
| 001 | ebr10174115 | ||
| 003 | CaPaEBR | ||
| 006 | m u | ||
| 007 | cr cn||||||||| | ||
| 008 | 070413s2005 njua sb 000 0 eng d | ||
| 010 | _z 2007273668 | ||
| 020 | _z9789812564986 (ISBN-13 : hbk.) | ||
| 020 | _z9812564985 (hbk.) | ||
| 040 |
_aCaPaEBR _cCaPaEBR |
||
| 035 | _a(OCoLC)614489242 | ||
| 050 | 1 | 4 |
_aTS155 _b.A682 2005eb |
| 082 | 0 | 4 |
_a658.5 _222 |
| 100 | 1 | _aArmbruster, Dieter. | |
| 245 | 1 | 0 |
_aNetworks of interacting machines _h[electronic resource] : _bproduction organization in complex industrial systems and biological cells / _ceditors, Dieter Armbruster, Kunihiko Kaneko, Alexander S. Mikhailov. |
| 260 |
_aHackensack, NJ : _bWorld Scientific, _cc2005. |
||
| 300 |
_axii, 267 p. : _bill. (some col.). |
||
| 490 | 1 |
_aWorld Scientific lecture notes in complex systems ; _vv. 3 |
|
| 504 | _aIncludes bibliographical references. | ||
| 533 |
_aElectronic reproduction. _bPalo Alto, Calif. : _cebrary, _d2009. _nAvailable via World Wide Web. _nAccess may be limited to ebrary affiliated libraries. |
||
| 650 | 0 | _aProduction management. | |
| 650 | 0 | _aProduction (Economic theory) | |
| 650 | 0 | _aCell interaction. | |
| 655 | 7 |
_aElectronic books. _2local |
|
| 700 | 1 | _aKaneko, Kunihiko. | |
| 700 | 1 |
_aMikhailov, A. S. _q(Alexander S.), _d1950- |
|
| 710 | 2 | _aebrary, Inc. | |
| 830 | 0 |
_aWorld Scientific lecture notes in complex systems ; _vv. 3. |
|
| 856 | 4 | 0 |
_uhttp://site.ebrary.com/lib/rucke/Doc?id=10174115 _zAn electronic book accessible through the World Wide Web; click to view |
| 999 |
_c138346 _d138346 |
||